000
00214nam a2200085Ia 4500
008
170620s9999 xx 000 0 und d
100
_a
Avtar Singh
245
0
_a
Law of Arbitration of Conciliation
260
_b
East. Book Company
260
_c
2002
999
_c
28723
_d
28723